| 000 | 01027nam0a22002771 4500 | ||
|---|---|---|---|
| 001 | rc\58191 | ||
| 005 | 20250620163605.0 | ||
| 010 |
_a5-247-03152-0 _9600 |
||
| 035 | _a(NLR Aleph) 005334752 | ||
| 090 |
_a6629427 _c6629427 |
||
| 100 | _a20021216d1993 |||y0rusy50 ca | ||
| 101 | 0 | _arus | |
| 102 | _aRU | ||
| 105 | _aa ||||||||| | ||
| 200 | 1 |
_aОхрана окружающей среды при эксплуатации хвостохранилищ _fП.В. Бересневич, П.К. Кузьменко, Н.Г. Неженцева |
|
| 210 |
_aМ. _cНедра _d1993 |
||
| 215 |
_a127, [1] с. _cил. _d21 |
||
| 320 | _aБиблиогр.: с. 125-127 (47 назв.) | ||
| 700 | 1 |
_aБересневич _bП.В. _gПетр Васильевич |
|
| 701 | 1 |
_aКузьменко _bП.К. _gПетр Константинович |
|
| 701 | 1 |
_aНеженцева _bН.Г. _gНадежда Григорьевна |
|
| 801 | 0 |
_aRU _bNLR _gpsbo |
|
| 801 | 1 |
_aRU _bELAR _2rusmarc |
|
| 852 |
_aNLR _j93-5/1130 |
||
| 942 | _cBOOK | ||
| 980 | _aNB | ||